| 000 | 00869 a2200157 4500 | ||
|---|---|---|---|
| 003 | Nust | ||
| 005 | 20170207154158.0 | ||
| 040 | _cNust | ||
| 082 | _a510 | ||
| 100 | _aLancelot Hogben | ||
| 245 |
_aMathematics for the Million _cLancelot Hogben |
||
| 260 |
_alondon _bGeorge Allen _c1949 |
||
| 300 | _a686p; | ||
| 505 | _aMathematics, The Mirror Of Civilization (Page-13), First Steps In Measurement (Page-36), The Grammar Of Size, Order And Number (Page-69), Euclid Without Tears (Page-111), From Crisis To Crossword Puzzles (Page-189), The Size Of The World (Page-230), The Dawn Of Nothing Or How Algebra Began (Page-283), The World Encompassed Or Spherical Triangles (Page-343), The Reformation Geometry (Page-390), The Collectivization Of Arithmetic (Page-459), The Arithmetic Of Growth And Shape (Page-507), Statistics (Page-571). | ||
| 538 | _aAlmirah No.127 Shelf No.1 | ||
| 942 |
_2ddc _cBK |
||
| 999 |
_c194607 _d194607 |
||